Statistics for Brighton & Hove Albion Squad 2021-2022

Click here to take the quiz!

General Stats

  • This quiz has been taken 158 times
    (103 since last reset)
  • The average score is 17 of 28

Answer Stats

#PositionNationPlayer% Correct
1GKSpainRobert Sánchez
91%
9FWFranceNeal Maupay
88%
11FWBelgiumLeandro Trossard
87%
3DFSpainMarc Cucurella
85%
5DFEnglandLewis Dunk
84%
10MFArgentinaAlexis Mac Allister
83%
13MFGermanyPascal Groß
83%
8MFMaliYves Bissouma
82%
-CoachEnglandGraham Potter
80%
2DFEnglandTariq Lamptey
79%
12MFZambiaEnock Mwepu
76%
24DFIrelandShane Duffy
73%
4DFEnglandAdam Webster
70%
34DFNetherlandsJoël Veltman
70%
14MFEnglandAdam Lallana
66%
25MFEcuadorMoisés Caicedo
63%
18FWEnglandDanny Welbeck
59%
20MFEnglandSolly March
59%
15MFPolandJakub Moder
57%
7FWIrelandAaron Connolly
55%
33DFEnglandDan Burn
55%
17MFColombiaSteven Alzate
51%
23GKEnglandJason Steele
38%
27FWNetherlandsJürgen Locadia
33%
16GKNetherlandsKjell Scherpen
29%
35MFRomaniaTudor Băluță
20%
28DFEnglandHaydon Roberts
11%
30MFEnglandTaylor Richards
9%

Score Distribution

Percentile by Number Answered

Percent of People with Each Score

Your Score History

You have not taken this quiz since the last reset